VÚB už začala poskytovať úvery z prostriedkov Exim banky
Financovanie rozvojových projektov malých a stredných súkromných podnikateľov z prostriedkov, ktoré VÚB, a.s. poskytla japonská Export-Import Bank - Exim Bank - vo výške 1,2 mld Sk. Komisia rozhodujúca o pridelení úveru, podmienky jeho poskytnutia. Úver A do 20 mil. Sk, úver B nad 20 mil. Sk. Úrokov...
Gespeichert in:
| 1. Verfasser: | |
|---|---|
| Format: | Buchkapitel |
| Sprache: | Slowakisch |
| Schlagworte: | |
| Tags: |
Keine Tags, Fügen Sie das erste Tag hinzu!
|
MARC
| LEADER | 00000naa a2200000 4500 | ||
|---|---|---|---|
| 001 | r016167 | ||
| 005 | 20221205091421.9 | ||
| 041 | 0 | |a slo | |
| 044 | |a SK | ||
| 245 | 1 | 0 | |a VÚB už začala poskytovať úvery z prostriedkov Exim banky |c P. Nedavaška |
| 520 | |a Financovanie rozvojových projektov malých a stredných súkromných podnikateľov z prostriedkov, ktoré VÚB, a.s. poskytla japonská Export-Import Bank - Exim Bank - vo výške 1,2 mld Sk. Komisia rozhodujúca o pridelení úveru, podmienky jeho poskytnutia. Úver A do 20 mil. Sk, úver B nad 20 mil. Sk. Úroková sadzba, termín čerpania úveru. | ||
| 610 | 2 | 0 | |a úver zahraničný |
| 610 | 2 | 0 | |a úver bankový |
| 610 | 2 | 0 | |a VÚB, a.s. Bratislava |
| 610 | 2 | 0 | |a Exim Bank of Japan |
| 610 | 2 | 0 | |a Export-Import Bank of Japan |
| 610 | 2 | 0 | |a podnik malý |
| 610 | 2 | 0 | |a podnik stredný |
| 610 | 2 | 0 | |a podnikanie |
| 610 | 2 | 0 | |a podpora podnikania |
| 610 | 2 | 0 | |a Slovensko |
| 610 | 2 | 0 | |a Japonsko |
| 100 | 1 | |a Nedavaška, P. | |